Κατάλογος Βιβλιοθηκών Mediterranean College

The USA / A History in Art (Record no. 4552)

MARC details
000 -LEADER
fixed length control field 01209cam a22001934a 4500
005 - ΗΜΕΡΟΜΗΝΙΑ ΚΑΙ ΩΡΑ ΤΕΛΕΥΤΑΙΑΣ ΕΝΗΜΕΡΩΣΗΣ
Πεδίο ελέγχου 20250605164149.0
008 - FIXED-LENGTH DATA ELEMENTS--GENERAL INFORMATION
Πεδίο ελέγχου σταθερού μήκους 250528s ||||||||||||||||||||||||d
035 ## - SYSTEM CONTROL NUMBER
System control number 19289
040 ## - ΠΗΓΗ ΚΑΤΑΛΟΓΟΓΡΑΦΗΣΗΣ
Φορέας πρωτότυπης καταλογογράφησης MC Athens Campus Library
Γλώσσα καταλογογράφησης Ελληνικά, Μοντέρνα (1453-)
Modifying agency MC Athens Campus Library
Κανόνες περιγραφικής καταλογογράφησης AACR2
245 1# - ΤΙΤΛΟΣ ΚΑΙ ΔΗΛΩΣΗ ΥΠΕΥΘΥΝΟΤΗΤΑΣ
Τίτλος The USA / A History in Art
260 ## - PUBLICATION, DISTRIBUTION, ETC.
Name of publisher, distributor, etc. Gemini Smith Inc. Book,
Date of publication, distribution, etc. 1975
300 ## - PHYSICAL DESCRIPTION
Extent 298
505 0# - FORMATTED CONTENTS NOTE
Formatted contents note Acknowledgements, Preface, Introduction to the Art of the USA, Introduction to the History of the USA, The First Americans, The Explorers, The Settlements, Revolution and Independence, The Rising Country, Expansion and Growing Pains, From Sea to Shining Sea, The War Between the States, The Gilded Age, The Country United, Only Yesterday, The Works of Art, Bibliography, Index.
520 ## - SUMMARY, ETC.
Summary, etc. Acknowledgements, Preface, Introduction to the Art of the USA, Introduction to the History of the USA, The First Americans, The Explorers, The Settlements, Revolution and Independence, The Rising Country, Expansion and Growing Pains, From Sea to Shining Sea, The War Between the States, The Gilded Age, The Country United, Only Yesterday, The Works of Art, Bibliography, Index.
700 1# - ΠΡΟΣΘΕΤΗ ΑΝΑΓΡΑΦΗ--ΦΥΣΙΚΟ ΠΡΟΣΩΠΟ
Personal name Smith Bradley
9 (RLIN) 5523
942 ## - ADDED ENTRY ELEMENTS (KOHA)
Koha item type Books
Holdings
Τύπος τεκμηρίου Βιβλιοθήκη Τρέχουσα τοποθεσία Barcode Αριθμός εισαγωγής Ημερομηνία απόκτησης Ταξιθετικό σύμβολο Αριθμός αντιτύπου Κατάσταση απόσυρσης Κατάσταση χαμένου Κατάσταση κατεστραμμένου Μη δανεισμός Σύνολο δανεισμών Ημερομηνία τελευταίας εμφάνισης Η τιμή ισχύει από
Books MC Athens Campus Library MC Athens Campus Library 9780000045515 5295 05/06/2025 704.94/9/973 SMI 1           05/06/2025 05/06/2025

MC Athens Campus Library
Πατησίων 94 & Κοδριγκτώνος 13, 104 34
Πελλήνης 8 & Πατησίων 107, 112 51
Τ: +30 210 8899600

MC Thessaloniki Campus Library
Ίωνος Δραγούμη 21, 54625 | Ίωνος Δραγούμη 15, 54625
Τ: +30 2310 287779 – Τ: +30 2314 440300